100 things to know about history / (Record no. 497)

MARC details
000 -LEADER
fixed length control field 01087nam a22002537a 4500
005 - DATE AND TIME OF LATEST TRANSACTION
control field 20230821122910.0
020 ## - INTERNATIONAL STANDARD BOOK NUMBER
International Standard Book Number 9781474922753
040 ## - CATALOGING SOURCE
Original cataloging agency FISKH
Language of cataloging eng
Transcribing agency FISKH
Modifying agency FISKH
082 ## - DEWEY DECIMAL CLASSIFICATION NUMBER
Classification number 902
100 ## - MAIN ENTRY--PERSONAL NAME
Personal name Cowan, Laura
245 ## - TITLE STATEMENT
Title 100 things to know about history /
Statement of responsibility, etc. written by Laura Cowan, Alex Frith, Minna Lacey and Jerome Martin ; illustrated by Federico Mariani and Parko Polo.
246 ## - VARYING FORM OF TITLE
Title proper/short title One hundred things to know about history
260 ## - PUBLICATION, DISTRIBUTION, ETC.
Place of publication, distribution, etc. London.
Name of publisher, distributor, etc. Usborne Publishing Ltd.
Date of publication, distribution, etc. 2018.
300 ## - PHYSICAL DESCRIPTION
Extent 127 pages :
Dimensions 25 cm.
505 ## - FORMATTED CONTENTS NOTE
Formatted contents note U
520 ## - SUMMARY, ETC.
Summary, etc. An eye-catching information book filled with one hundred interesting facts to learn from history: who really discovered America, who were the kings and queens we hear a lot about on TV, why America invaded Canada, and lots of other random facts to make history a fun subject!
521 ## - TARGET AUDIENCE NOTE
Target audience note 1020 <br/>
Source Lexile IG
521 ## - TARGET AUDIENCE NOTE
Target audience note U <br/>
Source Raz-Plus
650 ## - SUBJECT ADDED ENTRY--TOPICAL TERM
Topical term or geographic name entry element World History
Form subdivision Juvenile Literature
650 ## - SUBJECT ADDED ENTRY--TOPICAL TERM
Topical term or geographic name entry element History
Form subdivision Juvenile Literature
942 ## - ADDED ENTRY ELEMENTS (KOHA)
Source of classification or shelving scheme Dewey Decimal Classification
Koha item type Books
Suppress in OPAC No
999 ## -
-- 497
-- 497
Holdings
Withdrawn status Lost status Source of classification or shelving scheme Damaged status Not for loan Collection Home library Current library Shelving location Date acquired Total Checkouts Full call number Barcode Date last seen Price effective from Koha item type
  Missing Dewey Decimal Classification     Non-Fiction Footprints International School Library Network Toul Kork Campus Footprints International School Library Network Toul Kork Campus   05/09/2023   COW 902 2023-0087 05/09/2023 05/09/2023 Books